Statistics for Queendom 2 Performances

Click here to take the quiz!

General Stats

  • This quiz has been taken 12 times
  • The average score is 19 of 36

Answer Stats

Answer% Correct
WJSN (우주소녀)AURA
83%
Kep1erSee the Light
83%
WJSN (우주소녀)As You Wish (이루리)
67%
LOONA (이달의 소녀)Butterfly
67%
Brave GirlsChi Mat Ba Ram (치맛바람) / Rollin' (롤린)
67%
Brave GirlsMVSK
67%
WJSN (우주소녀)NAVILLERA (너 그리고 나)
67%
WJSN (우주소녀)Pantomime
67%
LOONA (이달의 소녀)POSE
67%
WJSN (우주소녀)Save Me, Save You (부탁해)
67%
Hyolyn (효린)So What
67%
Kep1erThe Boys
67%
Hyolyn (효린)Touch My Body
67%
Hyolyn (효린)9LIVES / Dally (달리)
50%
VIVIZBOP BOP!
50%
Hyolyn (효린) & WJSN (우주소녀)KA-BOOM!
50%
Kep1erPool Party (Rollin' right now)
50%
LOONA (이달의 소녀)PTT (Paint The Town)
50%
Kep1er & VIVIZPurr
50%
Brave GirlsRed Sun
50%
Brave GirlsRollin' (롤린)
50%
LOONA (이달의 소녀)Satellite (위성)
50%
LOONA (이달의 소녀)SHAKE IT
50%
Brave Girls & LOONA (이달의 소녀)Tell me now (탐이 나)
50%
Kep1erTHE GIRLS (Can't turn me down)
50%
VIVIZTime for the Moon Night (밤) / Rough (시간을 달려서)
50%
VIVIZUNNATURAL
50%
Kep1erWA DA DA
50%
Hyolyn (효린)Waka Boom (My Way)
50%
Brave GirlsWhistle
50%
LOONA (이달의 소녀) & Kep1erDon't Go (나비소녀)
33%
WJSN (우주소녀) & VIVIZHold My Hand (내 손을 잡아)
33%
VIVIZRed Sun!
33%
Hyolyn (효린)See Sea BAE (바다 보러 갈래 BAE)
33%
All ContestantsEpilogue (지나온)
17%
Hyolyn (효린) & Brave GirlsTo My Youth (나의 사춘기에게)
17%

Score Distribution

Percentile by Number Answered

Percent of People with Each Score

Your Score History

You have not taken this quiz